Catálogo público

Juguera del Trópico, S. A. / (Record no. 176859)

MARC details
000 -CABECERA
campo de control de longitud fija 01983nam a2200409Ia 4500
001 - NÚMERO DE CONTROL
campo de control dia_5843
003 - IDENTIFICADOR DEL NÚMERO DE CONTROL
campo de control CHAP
005 - FECHA Y HORA DE LA ÚLTIMA TRANSACCIÓN
campo de control 20251126122949.0
007 - CAMPO FIJO DE DESCRIPCIÓN FÍSICA--INFORMACIÓN GENERAL
campo de control de longitud fija ta
008 - DATOS DE LONGITUD FIJA--INFORMACIÓN GENERAL
campo de control de longitud fija 220117s2005 mx ae f 001 0 spa d
040 ## - FUENTE DE LA CATALOGACIÓN
Centro catalogador/agencia de origen mxchpua
Centro/agencia transcriptor CHAP
090 ## - LOCALMENTE ASIGNADO TIPO-LC NÚMERO DE CLASIFICACIÓN (OCLC); NÚMERO DE CLASIFICACIÓN LOCAL (RLIN)
Número de clasificación (OCLC) (R) ; Numero de clasificación, CALL (RLIN) (NR) T.C.653
Número cutter local (OCLC) ; Número de libro/Signatura topográfica íntegra, CALL (RLIN) E87 ETIPA
Año 2005
245 10 - MENCIÓN DE TÍTULO
Título Juguera del Trópico, S. A. /
Mención de responsabilidad, etc. coordinador Teodoro Espinosa Solares ; colaboradores Ramón Huerta Zurita...[et al.]
260 ## - PUBLICACIÓN, DISTRIBUCIÓN, ETC.
Lugar de publicación, distribución, etc. México :
Nombre del editor, distribuidor, etc. El autor,
Fecha de publicación, distribución, etc. 2005
300 ## - DESCRIPCIÓN FÍSICA
Extensión 4 planos
336 ## - TIPO DE CONTENIDO
Fuente rdacontent
Término de tipo de contenido texto
Código de tipo de contenido txt
337 ## - TIPO DE MEDIO
Fuente rdamedia
Nombre/término del tipo de medio no mediado
Código del tipo de medio n
338 ## - TIPO DE SOPORTE
Fuente rdacarrier
Nombre/término del tipo de soporte volumen
Código del tipo de soporte nc
500 ## - NOTA GENERAL
Nota general Grado: 7° año Grupo. 03<br/>Solo contiene planos
502 ## - NOTA DE TESIS
Nota de tesis Viaje de estudios
Tipo de título (ETIPA) --
Nombre de la institución que otorga el título UACh. Departamento de Ingeniería Agroindustrial,
Año de obtención del título 2005
505 00 - NOTA DE CONTENIDO CON FORMATO
Nota de contenido con formato Contiene 4 planos : --<br/>1.Diagrama de flujo de jugo de naranja --<br/>2.Diagrama de tubería e instrumentación de un pasteurizador de placas para jugos --<br/>3.Diagrama de flujo de jugo de naranja --<br/>4.Plano de distribución de áreas, Juguera del Trópico, S. A. (Esc. 1:250)
650 13 - PUNTO DE ACCESO ADICIONAL DE MATERIA--TÉRMINO DE MATERIA
Término de materia o nombre geográfico como elemento de entrada Industria de bebidas
9 (RLIN) 159625
650 13 - PUNTO DE ACCESO ADICIONAL DE MATERIA--TÉRMINO DE MATERIA
Término de materia o nombre geográfico como elemento de entrada Jugo de naranja
9 (RLIN) 62290
650 13 - PUNTO DE ACCESO ADICIONAL DE MATERIA--TÉRMINO DE MATERIA
Término de materia o nombre geográfico como elemento de entrada Beverage industry
9 (RLIN) 159624
650 13 - PUNTO DE ACCESO ADICIONAL DE MATERIA--TÉRMINO DE MATERIA
Término de materia o nombre geográfico como elemento de entrada Orange juice
9 (RLIN) 148872
700 1# - PUNTO DE ACCESO ADICIONAL--NOMBRE DE PERSONA
Nombre de persona Espinosa Solares, Teodoro
9 (RLIN) 153069
Término indicativo de función/relación coordinador
700 1# - PUNTO DE ACCESO ADICIONAL--NOMBRE DE PERSONA
Nombre de persona Huerta Zurita, Ramón
9 (RLIN) 56720
Término indicativo de función/relación colaborador
856 42 - LOCALIZACIÓN Y ACCESO ELECTRÓNICOS
Identificador Uniforme del Recurso <a href="http://10.13.5.2/ve/TC653ETIPA/TC653ETIPA2005-PLANO-DIAGRAMADEFLUJODEJUGODENARANJA.pdf">http://10.13.5.2/ve/TC653ETIPA/TC653ETIPA2005-PLANO-DIAGRAMADEFLUJODEJUGODENARANJA.pdf</a>
Texto de enlace DESCARGAR PLANO DE DIAGRAMA DE JUGO DE NARANJA
856 42 - LOCALIZACIÓN Y ACCESO ELECTRÓNICOS
Identificador Uniforme del Recurso <a href="http://10.13.5.2/ve/TC653ETIPA/TC653ETIPA2005-PLANO-DIAGRAMADEFLUJODEJUGODENARANJA2.pdf">http://10.13.5.2/ve/TC653ETIPA/TC653ETIPA2005-PLANO-DIAGRAMADEFLUJODEJUGODENARANJA2.pdf</a>
Texto de enlace DESCARGAR PLANO DE DIAGRAMA DE FLUJO DE JUGO DE NARANJA 2
856 42 - LOCALIZACIÓN Y ACCESO ELECTRÓNICOS
Identificador Uniforme del Recurso <a href="http://10.13.5.2/ve/TC653ETIPA/TC653ETIPA2005-PLANO-DISTRIBUCIONDEAREAS.pdf">http://10.13.5.2/ve/TC653ETIPA/TC653ETIPA2005-PLANO-DISTRIBUCIONDEAREAS.pdf</a>
Texto de enlace DESCARGAR PLANO DE DISTRIBUCIÓN DE ÁREAS
942 ## - ELEMENTOS DE PUNTO DE ACCESO ADICIONAL (KOHA)
Fuente del sistema de clasificación o colocación Clasificación Universidad Autónoma de Chapingo
901 ## - ELEMENTOS DE DATOS A LOCAL LDA (RLIN)
a T.C.653 E87 ETIPA 2005
902 ## - ELEMENTOS DE DATOS B LOCAL, LDB (RLIN)
a M
905 ## - ELEMENTOS DE DATOS E LOCAL, LDE (RLIN)
a 5232272005 mx el 8223123322spa16
942 ## - ELEMENTOS DE PUNTO DE ACCESO ADICIONAL (KOHA)
Tipo de ítem Koha Viaje de Estudios
Holdings
Estado de retiro Estado de pérdida Fuente del sistema de clasificación o colocación Estado dañado Restricciones de uso No para préstamo Código de colección Localización permanente Ubicación/localización actual Fecha de adquisición Fuente de adquisición Total de préstamos Signatura topográfica completa Código de barras Fecha visto por última vez Número de copia Precio válido a partir de Tipo de ítem Koha Ubicación en estantería
    Clasificación Universidad Autónoma de Chapingo   Préstamo interno   Viajes de Estudio Ingenieria Agroindustrial Ingenieria Agroindustrial 18/01/2022 El autor   T.C.653 E87 ETIPA 2005 1106008994 18/01/2022 Ej.2 18/01/2022 CD  
    Clasificación Universidad Autónoma de Chapingo   Préstamo interno   Viajes de Estudio Ingenieria Agroindustrial Ingenieria Agroindustrial 18/01/2022 El autor   T.C.653 E87 ETIPA 2005 1106008993 26/01/2026 Ej.1 18/01/2022 Viaje de Estudios  
    Clasificación Universidad Autónoma de Chapingo       Viajes de estudio - En línea Ingenieria Agroindustrial Ingenieria Agroindustrial 18/01/2022 El autor   T.C.653 E87 ETIPA 2005 1206008993 22/04/2024   22/04/2024 Viajes de Estudio - En línea En línea